<?xml version="1.0" encoding="UTF-8"?>
<record
    xmlns:xsi="http://www.w3.org/2001/XMLSchema-instance"
    xsi:schemaLocation="http://www.loc.gov/MARC21/slim http://www.loc.gov/standards/marcxml/schema/MARC21slim.xsd"
    xmlns="http://www.loc.gov/MARC21/slim">

  <leader>00455nam a22001457a 4500</leader>
  <controlfield tag="005">20251120103604.0</controlfield>
  <controlfield tag="008">251120b        |||||||| |||| 00| 0 eng d</controlfield>
  <datafield tag="020" ind1=" " ind2=" ">
    <subfield code="a">979-8-88715-340-7</subfield>
  </datafield>
  <datafield tag="100" ind1=" " ind2=" ">
    <subfield code="a">GILBERT , SARA IVAN</subfield>
  </datafield>
  <datafield tag="245" ind1=" " ind2=" ">
    <subfield code="a">AGRIBUSINESS MANAGEMENT</subfield>
  </datafield>
  <datafield tag="260" ind1=" " ind2=" ">
    <subfield code="a">DUBLIN</subfield>
    <subfield code="b">ORYSON PRESS</subfield>
    <subfield code="c">2024</subfield>
  </datafield>
  <datafield tag="500" ind1=" " ind2=" ">
    <subfield code="a">INCLUDES INDEX</subfield>
  </datafield>
  <datafield tag="650" ind1=" " ind2=" ">
    <subfield code="a">1. AGRIBUSINESS 2. AGRICULTURAL INDUSTRIES - MANAGEMENT 3. BUSINESS PLANNING IN AGRICULTURE</subfield>
  </datafield>
  <datafield tag="942" ind1=" " ind2=" ">
    <subfield code="2">lcc</subfield>
    <subfield code="c">BK</subfield>
  </datafield>
  <datafield tag="999" ind1=" " ind2=" ">
    <subfield code="c">216222</subfield>
    <subfield code="d">216222</subfield>
  </datafield>
  <datafield tag="952" ind1=" " ind2=" ">
    <subfield code="0">0</subfield>
    <subfield code="1">0</subfield>
    <subfield code="2">lcc</subfield>
    <subfield code="4">0</subfield>
    <subfield code="6">HD1415 G55  02024</subfield>
    <subfield code="7">0</subfield>
    <subfield code="8">SCT</subfield>
    <subfield code="9">373452</subfield>
    <subfield code="a">KSUL</subfield>
    <subfield code="b">KSUL</subfield>
    <subfield code="c">DISPLAY</subfield>
    <subfield code="d">2025-11-20</subfield>
    <subfield code="i">109926</subfield>
    <subfield code="l">0</subfield>
    <subfield code="o">HD 1415 .G55 2024</subfield>
    <subfield code="p">000000020171</subfield>
    <subfield code="r">2025-11-20 10:37:46</subfield>
    <subfield code="t">C.1</subfield>
    <subfield code="w">2025-11-20</subfield>
    <subfield code="y">BK</subfield>
  </datafield>
  <datafield tag="952" ind1=" " ind2=" ">
    <subfield code="0">0</subfield>
    <subfield code="1">0</subfield>
    <subfield code="2">lcc</subfield>
    <subfield code="4">0</subfield>
    <subfield code="6">HD1415 G55  02024</subfield>
    <subfield code="7">0</subfield>
    <subfield code="8">SCT</subfield>
    <subfield code="9">373453</subfield>
    <subfield code="a">KSUL</subfield>
    <subfield code="b">KSUL</subfield>
    <subfield code="c">DISPLAY</subfield>
    <subfield code="d">2025-11-20</subfield>
    <subfield code="i">109927</subfield>
    <subfield code="l">0</subfield>
    <subfield code="o">HD 1415 .G55 2024</subfield>
    <subfield code="p">000000020172</subfield>
    <subfield code="r">2025-11-20 10:37:00</subfield>
    <subfield code="t">C.2</subfield>
    <subfield code="w">2025-11-20</subfield>
    <subfield code="y">BK</subfield>
  </datafield>
  <datafield tag="952" ind1=" " ind2=" ">
    <subfield code="0">0</subfield>
    <subfield code="1">0</subfield>
    <subfield code="2">lcc</subfield>
    <subfield code="4">0</subfield>
    <subfield code="6">HD1415 G55  02024</subfield>
    <subfield code="7">0</subfield>
    <subfield code="8">SCT</subfield>
    <subfield code="9">373454</subfield>
    <subfield code="a">KSUL</subfield>
    <subfield code="b">KSUL</subfield>
    <subfield code="c">DISPLAY</subfield>
    <subfield code="d">2025-11-20</subfield>
    <subfield code="i">109928</subfield>
    <subfield code="l">0</subfield>
    <subfield code="o">HD 1415 .G55 2024</subfield>
    <subfield code="r">2025-11-20 10:37:00</subfield>
    <subfield code="t">C.3</subfield>
    <subfield code="w">2025-11-20</subfield>
    <subfield code="y">BK</subfield>
  </datafield>
  <datafield tag="952" ind1=" " ind2=" ">
    <subfield code="0">0</subfield>
    <subfield code="1">0</subfield>
    <subfield code="2">lcc</subfield>
    <subfield code="4">0</subfield>
    <subfield code="6">HD1415 G55  02024</subfield>
    <subfield code="7">0</subfield>
    <subfield code="8">SCT</subfield>
    <subfield code="9">373456</subfield>
    <subfield code="a">KSUL</subfield>
    <subfield code="b">KSUL</subfield>
    <subfield code="c">DISPLAY</subfield>
    <subfield code="d">2025-11-20</subfield>
    <subfield code="i">109929</subfield>
    <subfield code="l">1</subfield>
    <subfield code="o">HD 1415 .G55 2024</subfield>
    <subfield code="p">000000020174</subfield>
    <subfield code="r">2025-12-10 10:17:55</subfield>
    <subfield code="s">2025-12-08</subfield>
    <subfield code="t">C.4</subfield>
    <subfield code="w">2025-11-20</subfield>
    <subfield code="y">BK</subfield>
  </datafield>
</record>
